Ako dostať globalizáciu na správnu koľaj

Väčšia otvorenosť a integrácia ekonomík vytvorili príležitosti a podporili rast. Zvýšili však aj riziká a priniesli finančné krízy. Európski a svetoví lídri musia nájsť kľúč na ich potlačenie.

Salvato in:
Dettagli Bibliografici
Autore principale: Goldin, Ian
Natura: Capitolo di libro
Lingua:slovacco
Soggetti:
Tags: Aggiungi Tag
Nessun Tag, puoi essere il primo ad aggiungerne!!

MARC

LEADER 00000naa a2200000 4500
001 0196621
005 20220725111226.2
041 0 |a slo 
044 |a SK 
245 1 0 |a Ako dostať globalizáciu na správnu koľaj  |c Ian Goldin 
520 |a Väčšia otvorenosť a integrácia ekonomík vytvorili príležitosti a podporili rast. Zvýšili však aj riziká a priniesli finančné krízy. Európski a svetoví lídri musia nájsť kľúč na ich potlačenie. 
610 2 0 |a globalizácia 
610 2 0 |a hospodárstvo svetové 
610 2 0 |a hospodárstvo otvorené 
610 2 0 |a integrácia ekonomická medzinárodná 
100 1 |a Goldin, Ian